| 000 | 00585nam a22002057a 4500 | ||
|---|---|---|---|
| 942 | _cBK | ||
| 999 |
_c890 _d890 |
||
| 005 | 20250420134828.0 | ||
| 008 | 231004b ||||| |||| 00| 0 eng d | ||
| 020 | _a9781292118925 | ||
| 040 | _cKCST | ||
| 082 |
_a530 _bYo Se |
||
| 100 |
_aYoung, Hugh D. _97606 |
||
| 245 |
_aSears and Zemansky's University physics _bVolume 1 / _cHugh D. Young, Roger A. Freedman |
||
| 250 | _a14th Global ed. | ||
| 260 |
_aHarlow, Essex, England: _bPearson; _c2016. |
||
| 300 | _a856 p. | ||
| 650 |
_aPhysics _vTextbooks _9638 |
||
| 700 |
_aFreedman, Roger A. _91275 |
||
| 942 | _2ddc | ||